Sporcle Category Blitz: Firsts Quiz Stats

 Plays Quiz Updated Sep 16, 2016

Challenge
Share
Tweet
Embed
Score 0/15 Timer 01:30
1 Play Today
Question Answer Wrong Answers
Just For Fun
First alphabetically of the given answers below
Don't Pick This Answer
90.7%
Not This Answer
1.3%
This Other Answer
0.7%
This Answer
3.9%
Language
First letter of the Greek alphabet
α
88.6%
π
1.3%
θ
2.2%
φ
1.8%
Literature
First Harry Potter novel
Harry Potter and the Sorcerer's Stone
78%
Harry Potter and the Chamber of Secrets
10.8%
Harry Potter and the Prisoner of Azkaban
1.9%
Harry Potter and the Goblet of Fire
4%
Miscellaneous
First UK university
University of Oxford
67.3%
University of Cambridge
23.1%
University of London
2.9%
University of Glasgow
2.8%
History
First Roman emperor
Augustus
57.4%
Nero
15.3%
Caligula
8.3%
Tiberius
14.4%
Music
First #1 Billboard Hot 100 single by The Beatles
I Want to Hold Your Hand
50%
Love Me Do
25.6%
A Hard Day's Night
14.5%
Yesterday
8.4%
Sports
First FIFA World Cup winner
Uruguay
47.2%
Italy
10.9%
Brazil
28.7%
England
11.8%
Geography
First country or countries to celebrate each New Year
Kiribati and Samoa
46.3%
United States
8.9%
Russia
3.8%
New Zealand and Australia
40%
Entertainment
First woman to win the Academy Award for Best Director
Kathryn Bigelow
46%
Rachel Portman
7.3%
Sofia Coppola
26.6%
Mira Nair
5.3%
Religion
First of the Ten Commandments
Thou shalt have no other gods before me
40.7%
Thou shalt not make unto thee any graven image
2%
Thou shalt not take the name of the Lord thy God in vain
12.7%
Thou shalt not kill
23%
Science
First halogen element (by atomic number)
Fluorine
35.8%
Chlorine
25.1%
Bromine
19.6%
Iodine
11.3%
Movies
First James Bond film starring Roger Moore
Live and Let Die
32.5%
The Man with the Golden Gun
21.3%
The Spy Who Loved Me
25.6%
Moonraker
18.2%
Television
First character to appear in Family Guy's opening sequence
Lois
31.1%
Peter
31.3%
Stewie
20.1%
Brian
14.3%
Gaming
First Pokémon (by Pokédex number)
Bulbasaur
29.7%
Charmander
10.9%
Squirtle
9.3%
Pikachu
39.3%
Holiday
First animal of the Chinese Zodiac
Rat
24.5%
Ox
17.5%
Tiger
16.2%
Pig
12.8%

You're not logged in!

Compare scores with friends on all Sporcle quizzes.
Join for Free
OR
Log In

You Might Also Like...

Show Comments

Extras

Top Quizzes Today


Score Distribution

Your Account Isn't Verified!

In order to create a playlist on Sporcle, you need to verify the email address you used during registration. Go to your Sporcle Settings to finish the process.

Report this User

Report this user for behavior that violates our Community Guidelines.

Details: